000 00703cam a22002651 4500
001 sa 65008063
003 DLC
005 20260227112153.0
008 900222s1963 ii 000 0 sano
010 _asa 65008063
035 _a(OCoLC)21110091
040 _aDLC
_cWaU
_dDLC
041 0 _asanhin
042 _apremarc
050 0 0 _aPK875
_b.K3
100 0 _aKālidāsa.
245 1 0 _aŚrutabodhaḥ.
260 _c[1963]
300 _a25 p.
_c18 cm.
440 0 _aVidyabhawan Sanskrit granthamala,
_v34
500 _aHindi and Sanskrit.
650 0 _aSanskrit language
_xMetrics and rhythmics.
700 1 _aṬhakkura, Kanakalālaśarma.
_tVimalā.
700 1 _aMiśra, Brahmaśaṅkara.
999 _c65526
_d65526